|
|
|
|
| LEADER |
00000cam a2200000 7i4500 |
| 001 |
0000003701 |
| 005 |
20110414.0 |
| 020 |
0 |
0 |
|a 9835203776
|
| 090 |
0 |
0 |
|a 333.75
|b AHM M
|
| 100 |
0 |
0 |
|a Abdul Hamid Mar Iman
|
| 245 |
1 |
0 |
|a Penilaian sumber & harta tanah hutan
|c Abdul Hamid Mar Iman, Mohd Shahwahid Othman
|
| 260 |
0 |
0 |
|a Johor :
|b Universiti Teknologi Malaysia ,
|c 2005
|
| 300 |
|
|
|a xxii, 390p. :
|b ill. ;
|c 30cm.
|
| 650 |
0 |
0 |
|a Forest products industry
|x Valuation
|
| 650 |
0 |
0 |
|a Forests and forestry
|x Valuation
|
| 700 |
0 |
1 |
|a Mohd Shahwahid Othman
|
| 999 |
|
|
|a 006977
|b Monograph
|c Open Shelf
|e Default branch
|